000 00402nam a22001337a 4500
003 URS
005 20250415161349.0
008 250415b |||||||| |||| 00| 0 eng d
040 _cURS
100 _aDone, Matt
245 1 0 _aThe perfect language course
773 0 _082535
_974951
_dSussex: Pavilion Publishing and Media Ltd, 2023-
_oPIL-03080587-32-3
_tModern English Teacher
_x03080587
942 _2ddc
_cCR
999 _c82573
_d82572